[Event "2020 WA Reserves Championship"]
[Site "Leeming, Perth WA"]
[Date "2020.08.09"]
[Round "4"]
[White "Gao, Oscar"]
[Black "McAteer, Ian"]
[Result "1/2-1/2"]
[WhiteElo "1721"]
[BlackElo "1773"]
[EventDate "2020.07.19"]

1.e4 c6 2.d4 d5 3.Nc3 dxe4 4.Nxe4 Nf6 5.Bd3 Qxd4 6.Nf3 Qd8 7.Qe2 Nxe4 8.
Bxe4 Bg4 9.Bf4 e6 10.Rd1 Qc8 11.Qd3 Bxf3 12.Bxf3 Be7 13.Bd6 Qd7 14.Qa3 
Bxd6 15.Rxd6 Qe7 16.Ke2 Nd7 17.Rhd1 Nb6 18.Qc3 O-O 19.R6d4 Qf6 20.Qd3 Nd5 
21.g3 h6 22.c4 c5 23.Rg4 Qxb2+ 24.Rd2 Nc3+ 25.Ke3 Qc1 26.Qc2 Qxc2 27.Rxc2 
Na4 28.Bxb7 Rad8 29.Re4 Rd6 30.Re5 Rfd8 31.Be4 g6 32.Bf3 Kg7 33.Be2 f6 34.
Re4 f5 35.Re5 Kf6 36.f4 Rd4 37.Bf3 g5 38.Bc6 gxf4+ 39.gxf4 Rd3+ 40.Kf2 
Rd2+ 41.Rxd2 Rxd2+ 42.Kg3 Rxa2 43.Bxa4 Rxa4 44.Rxc5 Ke7 45.Kh4 Kd6 46.Rc8 
a5 47.Kh5 Ra2 48.h4 a4 49.Kxh6 a3 50.Kg6 Ra1 51.c5+ Kd7 52.Ra8 a2 53.Kf6 
Kc6 54.Ra5 Rh1 55.Rxa2 Rxh4 56.Kxe6 Rxf4 57.Rc2 1/2-1/2

[Event "2020 WA Reserves Championship"]
[Site "Leeming, Perth WA"]
[Date "2020.08.09"]
[Round "4"]
[White "Elkington, Derek"]
[Black "Saroha, Chirag"]
[Result "1-0"]
[WhiteElo "1929"]
[BlackElo "1934"]
[EventDate "2020.07.19"]

1.Nf3 d5 2.c4 dxc4 3.e3 e6 4.Bxc4 Nf6 5.Nc3 Be7 6.e4 c6 7.a4 h6 8.e5 Nd5 
9.d3 b6 10.Qe2 Ba6 11.Bxd5 cxd5 12.Nd4 Bb7 13.Qg4 Bf8 14.Ncb5 a6 15.Nxe6 
Bb4+ 16.Qxb4 fxe6 17.Nd6+ Kd7 18.Nxb7 Qc7 19.Qd6+ Qxd6 20.Nxd6 Nc6 1-0

[Event "2020 WA Reserves Championship"]
[Site "Leeming, Perth WA"]
[Date "2020.08.09"]
[Round "4"]
[White "Octaviano, Joel"]
[Black "De Vas, Yonal"]
[Result "1-0"]
[WhiteElo "1520"]
[BlackElo "586"]
[EventDate "2020.07.19"]

1.d4 d5 2.c4 e6 3.Nc3 Nf6 4.Bg5 Nbd7 5.e3 c6 6.c5 b6 7.b4 a5 8.a3 axb4 9.
axb4 Rxa1 10.Qxa1 Be7 11.Bd3 O-O 12.Nf3 bxc5 13.dxc5 e5 14.Bf5 h6 15.Bh4 
e4 16.Nd4 Ne5 17.O-O Bxf5 18.Nxf5 Re8 19.Qa7 Qd7 20.Nxe7+ Qxe7 21.Qb6 Qe6 
22.Ra1 Nc4 23.Qb7 Qe5 24.Ra7 Rf8 25.Nd1 Nb2 26.Bg3 Qe6 27.Nxb2 d4 28.h3 
Qb3 29.Bd6 Re8 30.exd4 Qd5 31.Be5 Qe6 32.Nd1 Rd8 33.Ne3 Rd7 34.Qc8+ Kh7 
35.Ra8 Re7 36.Qh8+ Kg6 37.Ng4 Re8 38.Rxe8 Nxe8 39.Bxg7 Nxg7 40.Qxh6+ Kf5 
41.Ne3# 1-0

[Event "2020 WA Reserves Championship"]
[Site "Leeming, Perth WA"]
[Date "2020.08.09"]
[Round "4"]
[White "De Vas, Saminda"]
[Black "Gough, Dylan"]
[Result "1/2-1/2"]
[WhiteElo "1828"]
[BlackElo "1648"]
[EventDate "2020.07.19"]

1.d4 d5 2.Bf4 Nf6 3.e3 Bf5 4.Bd3 Bxd3 5.Qxd3 Nbd7 6.c4 c5 7.Nc3 cxd4 8.
exd4 dxc4 9.Qxc4 Nb6 10.Qb5+ Qd7 11.Nf3 Qxb5 12.Nxb5 Nbd5 13.O-O a6 14.
Nc7+ Nxc7 15.Bxc7 Nd5 16.Bg3 g6 17.Rac1 Bg7 18.Rc5 e6 19.Rfc1 O-O 20.a3 
Rad8 21.Kf1 h6 22.h3 f5 23.Be5 Rf7 24.g3 f4 25.g4 Bf8 26.Rc8 Rfd7 27.Nd2 
Rxc8 28.Rxc8 Ne7 29.Rc7 Rxc7 30.Bxc7 Nd5 31.Be5 Bg7 32.Ne4 b6 33.Ke2 Bxe5 
34.dxe5 Ne7 35.Kf3 Nd5 36.h4 Kf7 37.g5 hxg5 38.Nxg5+ Ke7 39.Nh3 Kf7 40.
Nxf4 Ne7 41.Nd3 Nf5 42.Kg4 Nd4 43.f4 Nc2 44.Kg5 Ne3 45.h5 gxh5 46.Kxh5 Nc4
47.Kg5 Ne3 48.b3 Nc2 49.a4 Nd4 50.b4 Nc6 51.f5 exf5 52.Kxf5 Ne7+ 53.Ke4 
Ke6 54.Nf4+ Kd7 55.Nd5 Nc8 56.b5 axb5 57.axb5 Ke6 58.Nf4+ Kd7 59.Kf5 Na7 
60.Nd5 Nxb5 61.Nxb6+ Kc6 62.Nc4 Nd4+ 63.Kf6 Kd5 64.Nb6+ Kc6 65.Nc8 Kd7 66.
Ne7 Ke8 67.Ng6 Nc6 68.e6 Nd4 69.e7 Nc6 1/2-1/2

[Event "2020 WA Reserves Championship"]
[Site "Leeming, Perth WA"]
[Date "2020.08.09"]
[Round "4"]
[White "Tomic, Nedeljko"]
[Black "Milovanovic, Stevica"]
[Result "1-0"]
[WhiteElo "1748"]
[BlackElo "1439"]
[EventDate "2020.07.19"]

1.Nf3 Nc6 2.g3 e5 3.Bg2 d6 4.d3 Be7 5.h4 h6 6.c4 Nf6 7.Nc3 a6 8.a3 Rb8 9.
b4 O-O 10.Qc2 Nd4 11.Nxd4 exd4 12.Nd5 Nxd5 13.Bxd5 b6 14.a4 Bb7 15.Bf4 
Bxd5 16.cxd5 Qd7 17.Rc1 Rbc8 18.f3 Bf6 19.Kf2 Be5 20.Bd2 f5 21.f4 Bf6 22.
Rhe1 Rfe8 23.Qb3 Qf7 24.Rc6 Qe7 25.Qc4 Bxh4 26.Qxd4 Bf6 27.Qc4 b5 28.axb5 
axb5 29.Qxb5 Bd4+ 30.e3 Bb6 31.Qc4 Qf7 32.Kg2 Ra8 33.e4 fxe4 34.dxe4 Re7 
35.Bc3 Rae8 36.Qd3 Qg6 37.Rc4 h5 38.Qf3 Ra8 39.Re2 Rf8 40.Kh2 Qf7 41.f5 g5
42.g4 h4 43.e5 dxe5 44.Rc6 Rfe8 45.Rg6+ Kh7 46.Rxg5 e4 47.Qf4 e3 48.Rh5+ 
Kg8 49.Rh8# 1-0

[Event "2020 WA Reserves Championship"]
[Site "Leeming, Perth WA"]
[Date "2020.08.09"]
[Round "4"]
[White "Gunawan, Tjermin"]
[Black "Rasulov, Bekzod"]
[Result "1-0"]
[WhiteElo "1695"]
[BlackElo "1562"]
[EventDate "2020.07.19"]

1.d4 Nf6 2.c4 e6 3.Nc3 c5 4.d5 exd5 5.Nxd5 Nxd5 6.cxd5 d6 7.e4 g6 8.Nf3 
Bg7 9.Qc2 O-O 10.h3 Re8 11.Bd3 b6 12.O-O Ba6 13.Bxa6 Nxa6 14.a3 Nc7 15.Bd2
a5 16.Bc3 f6 17.b4 Nb5 18.Bb2 Qd7 19.a4 Nc7 20.b5 Re7 21.Rad1 Rae8 22.Nd2 
Rb8 23.f4 Ne8 24.f5 Qd8 25.Nc4 g5 26.Rde1 Bh8 27.Qe2 Rbb7 28.Qh5 Ng7 29.
Qh6 Rf7 30.Rf3 Qf8 31.Rg3 Ne8 32.Qh5 Ng7 33.Qd1 Ne8 34.Qh5 Ng7 35.Qg4 h5 
36.Qe2 h4 37.Re3 Kh7 38.g3 hxg3 39.Rxg3 Kh6 40.Bc1 Nh5 41.Rg4 Rh7 42.Rh4 
Kg7 43.Rxh5 Kg8 44.Rxh7 Rxh7 45.Qg4 Rh4 46.Qg3 Qe7 47.Qg2 Qd8 48.Re3 Kf7 
49.Bd2 Bg7 50.Be1 Rh8 51.Qg4 Bf8 52.Kf1 Be7 53.Ke2 Ke8 54.Kd3 Kd7 55.Re2 
Kc7 56.Rg2 Qe8 57.Bg3 Qh5 58.Rh2 Qxg4 59.hxg4 Rxh2 60.Bxh2 Bf8 61.e5 dxe5 
62.Bxe5+ fxe5 63.Nxe5 Kd6 64.Ke4 Be7 65.Nc4+ Kc7 66.Ke5 Kb7 67.Ke6 Bd8 68.
f6 1-0

[Event "2020 WA Reserves Championship"]
[Site "Leeming, Perth WA"]
[Date "2020.08.09"]
[Round "4"]
[White "Howard, Mark"]
[Black "Hernandez Mendez, Iker"]
[Result "0-1"]
[WhiteElo "1405"]
[BlackElo "968"]
[EventDate "2020.07.19"]

1.e4 c5 2.Nf3 d6 3.c3 Nf6 4.d3 g6 5.h3 Bg7 6.Be3 O-O 7.Be2 Nc6 8.a3 c4 9.
Nbd2 cxd3 10.Bxd3 Bd7 11.Qc2 Rc8 12.a4 Nb4 13.Qb1 Nxd3+ 14.Qxd3 a6 15.Nc4 
b5 16.Nb6 Rb8 17.Nxd7 Nxd7 18.axb5 Rxb5 19.Qd2 Qc8 20.O-O Qb7 21.Rfb1 Rb8 
22.Bd4 Qxe4 23.Bxg7 Kxg7 24.Qd4+ Qxd4 25.Nxd4 Rxb2 26.Rxb2 Rxb2 27.Rxa6 
Rb1+ 28.Kh2 Rb7 29.Ra1 Kf6 30.Re1 Rc7 31.Re3 Nb6 32.Rf3+ Kg7 33.g4 Nd5 34.
Ne2 Rc4 35.Rd3 Nf4 36.Nxf4 Rxf4 37.Kg3 g5 38.Rd5 h6 39.h4 f6 40.Rb5 Rc4 
41.Rb3 Kf7 42.hxg5 hxg5 43.f3 Ke6 44.Kf2 Ke5 45.Ke3 e6 46.Kd3 d5 47.Rb1 
Kf4 48.Rb4 Rxb4 49.cxb4 Ke5 50.Ke3 Kd6 51.Kd4 Kc6 52.Kc3 Kb5 53.Kb3 d4 0-1

[Event "2020 WA Reserves Championship"]
[Site "Leeming, Perth WA"]
[Date "2020.08.09"]
[Round "4"]
[White "Andrew, Christopher-Jack"]
[Black "Sheridan, Wallace"]
[Result "1/2-1/2"]
[WhiteElo "1381"]
[BlackElo "1588"]
[EventDate "2020.07.19"]

1.d4 e6 2.Nf3 f5 3.Bg5 Be7 4.h4 Nf6 5.Nbd2 c5 6.c3 Qb6 7.Nc4 Qc7 8.e3 cxd4
9.exd4 O-O 10.Bd3 b5 11.Ncd2 a6 12.h5 h6 13.Bxf6 Bxf6 14.Nh4 Bxh4 15.Rxh4 
Bb7 16.Nf3 Bxf3 17.Qxf3 Nc6 18.O-O-O Nb4 19.Kb1 Nxd3 20.Qxd3 Qd8 21.g3 Rc8
22.d5 Qb6 23.Rf4 Kh8 24.Qf3 Rc4 25.dxe6 dxe6 26.Re1 Qc6 27.Qxc6 Rxc6 28.g4
Kg8 29.f3 1/2-1/2

[Event "2020 WA Reserves Championship"]
[Site "Leeming, Perth WA"]
[Date "2020.08.16"]
[Round "5"]
[White "Andrew, Christopher-Jack"]
[Black "Octaviano, Joel"]
[Result "1/2-1/2"]
[WhiteElo "1381"]
[BlackElo "1520"]
[EventDate "2020.07.19"]

1.d4 Nf6 2.c4 c5 3.d5 b5 4.cxb5 a6 5.bxa6 Bxa6 6.Nc3 d6 7.e4 Qa5 8.Bd2 Qb4
9.Qc2 Bxf1 10.Kxf1 g6 11.Nf3 Bg7 12.g3 O-O 13.Kg2 Nbd7 14.a4 Rfb8 15.Qd3 
Ng4 16.Nb5 Qxb2 17.Rhb1 Qxa1 18.Rxa1 Bxa1 19.a5 Nge5 20.Qf1 Nxf3 21.Kxf3 
Bg7 22.Ke3 Ne5 23.h3 c4 24.Nd4 Nd3 25.f4 Bxd4+ 26.Kxd4 Rc8 27.Bc3 Nc5 28.
Qe1 Nb3+ 29.Ke3 Rc5 30.Bd4 Nxd4 31.Kxd4 Rcxa5 32.Qb4 Rc5 33.Qb7 Rac8 34.
Kc3 R8c7 35.Qb8+ Kg7 36.Qb2 e5 37.fxe5 dxe5 38.g4 Kf8 39.g5 Ke7 40.Qf2 Rb5
41.Qf6+ Ke8 42.Qxe5+ Kd7 43.Qf6 Kc8 44.Qa6+ Rbb7 45.Qa8+ Kd7 46.Qf8 Rb3+ 
47.Kd4 Rf3 48.e5 Rf5 49.Qd6+ Kc8 50.Qa6+ Kd8 51.Qd6+ Kc8 52.Qa6+ Kb8 53.
Qb5+ Kc8 54.Qa6+ Kb8 55.Qb6+ 1/2-1/2

[Event "2020 WA Reserves Championship"]
[Site "Leeming, Perth WA"]
[Date "2020.08.16"]
[Round "5"]
[White "Tomic, Nedeljko"]
[Black "Simonds, Marcus"]
[Result "0-1"]
[WhiteElo "1748"]
[BlackElo "1627"]
[EventDate "2020.07.19"]

1.Nf3 Nf6 2.c4 d6 3.d4 g6 4.Nc3 Bg7 5.Qc2 Nbd7 6.g3 O-O 7.Bg2 c6 8.O-O e5 
9.dxe5 dxe5 10.Bd2 Qe7 11.a3 a5 12.h4 h6 13.Nh2 Nh5 14.Bf3 f5 15.Bxh5 gxh5
16.e4 f4 17.Qd1 Qf7 18.Kg2 Nc5 19.b3 Ne6 20.Nf3 Qg6 21.Qe2 Nd4 22.Qd3 Nxf3
23.Qxf3 Bg4 24.Qd3 Rad8 25.Qc2 f3+ 26.Kh2 Be6 27.Rh1 Bg4 28.Be3 Qe6 29.
Rad1 Bh3 30.Kg1 Bg2 31.Rh2 Bh3 32.Qc1 Kh7 33.Na4 Bg4 34.Bb6 Rxd1+ 35.Qxd1 
Qd7 36.Qxd7 Bxd7 37.Kf1 Rf6 38.Ke1 Rd6 39.Be3 b5 40.Nc5 bxc4 41.bxc4 Bc8 
42.Rh1 Bf8 43.a4 Rd8 {Black won on time} 0-1

[Event "2020 WA Reserves Championship"]
[Site "Leeming, Perth WA"]
[Date "2020.08.16"]
[Round "5"]
[White "Milovanovic, Stevica"]
[Black "Basso, Luciano"]
[Result "1/2-1/2"]
[WhiteElo "1439"]
[BlackElo "1342"]
[EventDate "2020.07.19"]

1.d4 e6 2.Bf4 d5 3.e3 Bd6 4.Bg3 Nf6 5.Bd3 c6 6.c3 Qc7 7.Nd2 Nbd7 8.Ngf3 e5
9.dxe5 Nxe5 10.Nxe5 Bxe5 11.Qe2 Bg4 12.Nf3 Bxg3 13.hxg3 O-O-O 14.Qc2 h6 
15.Bf5+ Bxf5 16.Qxf5+ Qd7 17.Nd4 c5 18.Qxd7+ Rxd7 19.Nf3 Re8 20.O-O Ne4 
21.Rad1 c4 22.Rd4 Nc5 23.Ne1 Re4 24.Nc2 a5 25.f3 Rxd4 26.Nxd4 g6 27.Rb1 
Nd3 28.b3 Re7 29.bxc4 dxc4 30.e4 Kc7 31.a4 Re5 32.g4 f6 33.g3 Nc5 34.Ra1 
Nd3 35.Kf1 h5 36.gxh5 Rxh5 37.Kg2 b6 38.Rb1 Re5 39.Rh1 Rh5 40.Rb1 Nc5 41.
g4 Re5 42.Ra1 Nd3 43.Kg3 g5 44.Rb1 Re8 45.Rh1 Kd6 46.Rb1 Kc7 47.Nb5+ Kc6 
48.Nd4+ Kb7 49.Nf5 Rh8 50.Nd6+ Kc7 51.Nxc4 Nf4 52.Ne3 Rh3+ 53.Kf2 Rh2+ 54.
Kg3 Rh3+ 55.Kf2 Rh2+ 56.Kg1 Ra2 57.Nc4 Ne2+ 58.Kf1 Nxc3 59.Rxb6 Rxa4 60.
Rxf6 Rxc4 61.Rf5 Nxe4 62.fxe4 Rxe4 63.Rxg5 a4 64.Kf2 a3 65.Kf3 Ra4 66.Rc5+
Kd6 67.Rc1 Ke5 68.Re1+ Kf6 69.Kg3 a2 70.Ra1 Kg5 71.Kh3 Ra3+ 72.Kg2 Kxg4 
73.Kf2 Kf4 74.Ke2 Ke4 75.Kd2 Kd4 76.Kc2 Kc4 77.Kb2 Kb4 1/2-1/2

[Event "2020 WA Reserves Championship"]
[Site "Leeming, Perth WA"]
[Date "2020.08.16"]
[Round "5"]
[White "Rasulov, Bekzod"]
[Black "Sheridan, Wallace"]
[Result "0-1"]
[WhiteElo "1562"]
[BlackElo "1588"]
[EventDate "2020.07.19"]

1.d4 d5 2.Bf4 Nf6 3.e3 c5 4.Nd2 e6 5.Ngf3 Nc6 6.c3 Be7 7.h3 O-O 8.Bd3 b6 
9.O-O Bb7 10.e4 dxe4 11.Nxe4 cxd4 12.cxd4 Nxd4 13.Re1 Rc8 14.Be5 Nxf3+ 15.
Qxf3 Nxe4 16.Bxe4 Bxe4 17.Rxe4 f6 18.Bc3 e5 19.Rd1 Qe8 20.Qf5 Rd8 21.Rde1 
Qd7 22.Qh5 Qe8 23.Qf5 Qf7 24.R1e3 Rd1+ 25.Kh2 Rfd8 26.Rh4 g6 27.Rg3 Bf8 
28.Rhg4 Bg7 29.Qc2 R1d7 30.h4 Bh6 31.Rf3 Qe6 32.Re4 Bd2 33.h5 g5 34.h6 
Bf4+ 35.g3 Bd2 36.Kg2 Bxc3 37.Rxc3 Rd2 38.Qa4 Qd5 39.Qxa7 Qxe4+ 40.Kh3 
Qh1+ 41.Kg4 R2d4+ 42.f4 R4d7 43.Qxb6 Qxh6 44.Qe6+ Kh8 45.Rc6 f5+ 46.Kxf5 
Qxe6+ 47.Kxe6 exf4 0-1

[Event "2020 WA Reserves Championship"]
[Site "Leeming, Perth WA"]
[Date "2020.08.16"]
[Round "5"]
[White "De Vas, Saminda"]
[Black "Elkington, Derek"]
[Result "1-0"]
[WhiteElo "1828"]
[BlackElo "1929"]
[EventDate "2020.07.19"]

1.d4 Nf6 2.c4 g6 3.Bf4 d6 4.Nf3 Nbd7 5.e3 Bg7 6.Be2 O-O 7.h3 Re8 8.O-O b6 
9.Nc3 Bb7 10.Bh2 e5 11.Qc2 e4 12.Nd2 a5 13.a3 Qe7 14.Nb5 Rec8 15.b4 Nf8 
16.Nb3 a4 17.Nd2 Bc6 18.Nc3 Re8 19.b5 Bd7 20.Nxa4 g5 21.Nc3 Ng6 22.a4 h5 
23.Nd5 Nxd5 24.cxd5 g4 25.hxg4 Bxg4 26.Bxg4 hxg4 27.Rfc1 Ra7 28.Ra3 f5 29.
Rc3 Rc8 30.Rc6 Qg5 31.Rxd6 Nh4 32.Bf4 Qh5 33.Kf1 Nf3 34.Ke2 Bxd4 35.Rh6 
Qf7 36.Qc4 Bg7 37.Rc6 Rxa4 38.Qxa4 Qxd5 39.Qc4 1-0

[Event "2020 WA Reserves Championship"]
[Site "Leeming, Perth WA"]
[Date "2020.08.16"]
[Round "5"]
[White "De Vas, Yonal"]
[Black "Howard, Mark"]
[Result "1-0"]
[WhiteElo "586"]
[BlackElo "1405"]
[EventDate "2020.07.19"]

1.d4 d5 2.c4 c6 3.Nc3 Nf6 4.e3 Bf5 5.Bd3 Bg4 6.Nf3 e6 7.O-O Qc7 8.e4 dxe4 
9.Nxe4 Nbd7 10.c5 b6 11.cxb6 axb6 12.Be3 Nxe4 13.Bxe4 Nf6 14.Qc2 Nxe4 15.
Qxe4 Bxf3 16.Qxf3 Bd6 17.h3 O-O 18.Rfc1 c5 19.dxc5 bxc5 20.Kh1 Qe7 21.Bf4 
e5 22.Be3 e4 23.Qf5 g6 24.Qd5 Rac8 25.Rc4 Rfe8 26.Rac1 Qe5 27.Qxe5 Rxe5 
28.b4 f5 29.Bxc5 Bb8 30.Bd4 Rxc4 31.Rxc4 Re8 32.g3 f4 33.Kg2 f3+ 34.Kh2 
Kf7 35.h4 Ke6 36.Be3 Kf7 37.Bf4 Bxf4 38.gxf4 Kf6 39.Rc5 Ra8 40.Ra5 Rc8 41.
b5 Rc2 42.Kg3 Rc5 43.Ra6+ Kf5 44.b6 Rc1 45.Ra8 Rg1+ 46.Kh2 Rg2+ 47.Kh1 
Rxf2 48.b7 Rf1+ 49.Kh2 Rf2+ 50.Kh3 Rb2 51.b8=Q Rxb8 52.Rxb8 Kxf4 53.a4 f2 
54.Rf8+ Ke3 55.Kg2 Ke2 56.Rxf2+ 1-0

[Event "2020 WA Reserves Championship"]
[Site "Leeming, Perth WA"]
[Date "2020.08.16"]
[Round "5"]
[White "Gough, Dylan"]
[Black "Gunawan, Tjermin"]
[Result "1-0"]
[WhiteElo "1648"]
[BlackElo "1695"]
[EventDate "2020.07.19"]

1.c4 Nf6 2.Nc3 g6 3.e3 Bg7 4.d4 d6 5.Bd3 O-O 6.Nge2 Nc6 7.a3 e5 8.d5 Ne7 
9.Qc2 Nd7 10.b4 f5 11.e4 f4 12.f3 Nf6 13.Bb2 Bd7 14.Rc1 Qe8 15.c5 a6 16.
Qb3 Kh8 17.a4 g5 18.Ba3 Qh5 19.cxd6 cxd6 20.b5 Ne8 21.bxa6 Qh4+ 22.Kd2 
bxa6 23.Qb7 Rd8 24.Bxa6 g4 25.Qb6 Nc8 26.Bxc8 Bxc8 27.Nb5 Qf6 28.Nc7 Qe7 
29.a5 Rd7 30.Nxe8 Rxe8 31.Rc6 Rb7 32.Qf2 Bd7 33.Rb6 Bc8 34.Bxd6 Qd7 35.
Rxb7 Bxb7 36.Qb6 Bf8 37.Bxf8 Rxf8 38.Rc1 Rf7 39.Nc3 gxf3 40.gxf3 Rg7 41.
Rg1 Rf7 42.Na4 Qc8 43.Nc5 Ba8 44.d6 Bc6 45.a6 Rf6 46.Qc7 Qxc7 47.dxc7 Rf8 
48.Rb1 1-0

[Event "2020 WA Reserves Championship"]
[Site "Leeming, Perth WA"]
[Date "2020.08.16"]
[Round "5"]
[White "Gao, Oscar"]
[Black "Roebuck, Derek"]
[Result "1/2-1/2"]
[WhiteElo "1721"]
[BlackElo "1661"]
[EventDate "2020.07.19"]

1.e4 e5 2.Nf3 Nc6 3.Bc4 Bc5 4.c3 Nf6 5.d3 d6 6.O-O h6 7.Nbd2 O-O 8.Re1 a6 
9.a4 Be6 10.Bb3 Qd7 11.Nf1 Kh8 12.Ng3 Ne7 13.Bc2 Bg4 14.h3 Bxf3 15.Qxf3 
Nh7 16.b4 Ba7 17.Bb3 f5 18.Re2 f4 19.Nf1 Ng5 20.Qg4 Qxg4 21.hxg4 f3 22.Rc2
fxg2 23.Kxg2 Nf3 24.Be3 Bxe3 25.Nxe3 g6 26.Rh1 Kg7 27.Nf5+ gxf5 28.Kxf3 
fxe4+ 29.Kxe4 Rf4+ 30.Ke3 Raf8 31.Rg1 Rf3+ 32.Ke2 Rxf2+ 33.Kd1 Rxc2 
1/2-1/2

[Event "2020 WA Reserves Championship"]
[Site "Leeming, Perth WA"]
[Date "2020.08.23"]
[Round "6"]
[White "Fu, Yihe (Rebo)"]
[Black "Gough, Dylan"]
[Result "1-0"]
[WhiteElo "1896"]
[BlackElo "1648"]
[EventDate "2020.07.19"]

1.Nf3 d5 2.c4 Nf6 3.cxd5 Nxd5 4.e4 Nb6 5.d4 e6 6.Nc3 c5 7.Be3 cxd4 8.Nxd4 
Bb4 9.Qb3 Bxc3+ 10.Qxc3 O-O 11.Be2 Bd7 12.O-O Nc6 13.Rfd1 Rc8 14.Nb5 Nb8 
15.Qa3 Nc4 16.Bxc4 Rxc4 17.Qxa7 Qf6 18.Nd6 Rc2 19.Nxb7 Bc6 20.Nd6 Qg6 21.
Qd4 f5 22.Rac1 Bxe4 23.Nxe4 Rxc1 24.Rxc1 fxe4 25.b4 Qf5 26.a4 Qd5 27.b5 
Rd8 28.Rd1 Kf7 29.Qa7+ 1-0

[Event "2020 WA Reserves Championship"]
[Site "Leeming, Perth WA"]
[Date "2020.08.23"]
[Round "6"]
[White "Sheridan, Wallace"]
[Black "Gao, Oscar"]
[Result "0-1"]
[WhiteElo "1588"]
[BlackElo "1721"]
[EventDate "2020.07.19"]

1.d4 Nf6 2.Nf3 e6 3.Bg5 d5 4.e3 c5 5.c3 Nc6 6.Bd3 Be7 7.Ne5 Qb6 8.Qc2 c4 
9.Be2 Nxe5 10.dxe5 Nd7 11.Bxe7 Kxe7 12.e4 dxe4 13.O-O Nxe5 14.Nd2 f5 15.
Nxc4 Nxc4 16.Bxc4 Bd7 17.Qe2 h5 18.Rfd1 Rad8 19.Qd2 Kf7 20.Bb3 Ba4 21.Qf4 
Bxb3 22.axb3 Rxd1+ 23.Rxd1 Rd8 24.Rxd8 Qxd8 25.h4 Qd1+ 26.Kh2 Qxb3 27.f3 
exf3 28.Qxf3 g6 29.Qf2 Qb6 30.Qd2 Qc7+ 31.Kh3 e5 32.Qd5+ Kf6 33.Qg8 Qd7 
34.Qf8+ Ke6 35.Qg8+ Qf7 36.Qc8+ Kd5 37.Qd8+ Ke4 38.Qd2 Qc4 39.Qg5 Qe2 40.
Qe7 Qxb2 0-1

[Event "2020 WA Reserves Championship"]
[Site "Leeming, Perth WA"]
[Date "2020.08.23"]
[Round "6"]
[White "De Vas, Yonal"]
[Black "Rasulov, Bekzod"]
[Result "0-1"]
[WhiteElo "586"]
[BlackElo "1562"]
[EventDate "2020.07.19"]

1.d4 Nf6 2.c4 c5 3.e3 d5 4.Nc3 e6 5.Nf3 Nc6 6.Bd3 Be7 7.O-O Qb6 8.cxd5 
exd5 9.Bc2 Bg4 10.Na4 Qc7 11.dxc5 O-O 12.a3 Ne5 13.b4 Qd7 14.Nxe5 Bxd1 15.
Nxd7 Bxc2 16.Nxf8 Bxa4 17.Nxh7 Kxh7 18.Bb2 Ne4 19.f3 Nd2 20.Rf2 Nc4 21.Bd4
a6 22.e4 dxe4 23.fxe4 f6 24.Rf3 Rd8 25.Bf2 Ne5 26.Rh3+ Kg8 27.Bg3 Nc6 28.
Re1 a5 29.Bc7 Rd7 30.Bxa5 Nxa5 31.bxa5 Bxc5+ 32.Kh1 Bf2 33.Rc1 Bc6 34.Rf3 
Ba7 35.Re1 Bb8 36.g3 Be5 37.Kg2 Rd4 38.Rfe3 Ra4 39.Kf3 Rxa5 40.Kg4 Ra4 41.
Kf5 Kf7 42.h4 Bd7# 0-1

[Event "2020 WA Reserves Championship"]
[Site "Leeming, Perth WA"]
[Date "2020.08.23"]
[Round "6"]
[White "Elkington, Derek"]
[Black "McAteer, Ian"]
[Result "1-0"]
[WhiteElo "1934"]
[BlackElo "1773"]
[EventDate "2020.07.19"]

1.e4 c6 2.Nc3 d5 3.Nf3 Nf6 4.e5 Ne4 5.d3 Nxc3 6.bxc3 Bg4 7.Be2 e6 8.Rb1 
Qc7 9.d4 Nd7 10.Bg5 c5 11.Rb3 c4 12.Rb1 Bxf3 13.Bxf3 h6 14.Bh4 Nb6 15.Bh5 
Na4 16.Qf3 Ba3 17.O-O Bb2 18.Qg4 g6 19.Bxg6 fxg6 20.Qxe6+ Qe7 21.Qxe7# 1-0

[Event "2020 WA Reserves Championship"]
[Site "Leeming, Perth WA"]
[Date "2020.08.23"]
[Round "6"]
[White "Howard, Mark"]
[Black "Basso, Luciano"]
[Result "1-0"]
[WhiteElo "1405"]
[BlackElo "1342"]
[EventDate "2020.07.19"]

1.e4 e5 2.Nf3 d6 3.Nc3 Nc6 4.h3 h6 5.Bc4 Na5 6.Be2 c5 7.a3 a6 8.b4 cxb4 9.
axb4 Nc6 10.b5 Nce7 11.d4 f6 12.dxe5 fxe5 13.O-O Nf6 14.bxa6 bxa6 15.Bc4 
Bb7 16.Qd3 Nc6 17.Rb1 Qc8 18.Nd5 Nxd5 19.Qxd5 Nd8 20.Qd3 Be7 21.Nd2 Bc6 
22.Qf3 Bf6 23.Qh5+ Ke7 24.Bb3 Ne6 25.Ba3 Rf8 26.Nc4 Nc5 27.Nxd6 Kxd6 28.
Rfd1+ Kc7 29.Bxc5 Be8 30.Bd6+ Kb6 31.Qf3 Rh8 32.Be6+ 1-0

[Event "2020 WA Reserves Championship"]
[Site "Leeming, Perth WA"]
[Date "2020.08.23"]
[Round "6"]
[White "Simonds, Marcus"]
[Black "De Vas, Saminda"]
[Result "0-1"]
[WhiteElo "1627"]
[BlackElo "1828"]
[EventDate "2020.07.19"]

1.d4 d5 2.Bf4 e6 3.e3 c5 4.c3 Nc6 5.Nd2 Nf6 6.Bd3 Bd6 7.Bg3 cxd4 8.exd4 e5
9.dxe5 Nxe5 10.Bxe5 Bxe5 11.Ngf3 Bd6 12.O-O O-O 13.h3 Bd7 14.Re1 Qc7 15.
Qc2 Rfe8 16.Rxe8+ Rxe8 17.Re1 Rxe1+ 18.Nxe1 Bc5 19.Ndf3 Qf4 20.Qd2 Qc7 21.
Qe2 Qb6 22.b4 Bd6 23.Nc2 Qc7 24.Qe1 g6 25.Ncd4 a6 26.a3 Nh5 27.Ne2 Bf8 28.
Nfd4 Bh6 29.Nb3 Qe5 30.Qf1 Nf4 31.Nxf4 Bxf4 32.Nc5 Bc8 33.c4 b6 34.Nb3 Qc3
35.Na1 Be5 36.Nc2 dxc4 37.Be4 b5 38.f4 Bd4+ 39.Kh2 Qd2 40.Nxd4 Qxd4 41.Bc2
Qb2 42.Qd1 Be6 43.Qd8+ Kg7 44.f5 Qe5+ 45.Kh1 Bxf5 46.Bxf5 Qxf5 47.Qd4+ Qf6
0-1

[Event "2020 WA Reserves Championship"]
[Site "Leeming, Perth WA"]
[Date "2020.08.23"]
[Round "6"]
[White "Gunawan, Tjermin"]
[Black "Octaviano, Joel"]
[Result "1-0"]
[WhiteElo "1695"]
[BlackElo "1520"]
[EventDate "2020.07.19"]

1.d4 Nf6 2.c4 c5 3.d5 b5 4.cxb5 d6 5.Nc3 g6 6.e4 Bg7 7.Nf3 Qa5 8.Bd2 Bg4 
9.Be2 Qb4 10.Na4 Qxe4 11.Nc3 Qf5 12.h3 Bxf3 13.Bxf3 Qc8 14.O-O Nbd7 15.Bf4
O-O 16.Rc1 Qb7 17.a4 a5 18.Re1 Rfe8 19.Qd2 Nb6 20.b3 Nfd7 21.Bh6 Ne5 22.
Be4 f5 23.Bxg7 Kxg7 24.f4 fxe4 25.fxe5 dxe5 26.Rxe4 Qc7 27.Rh4 Rh8 28.Qh6+
Kf7 29.Rf1+ Ke8 30.Qg7 Kd7 31.Rf7 Rae8 32.Re4 c4 33.bxc4 Nxc4 34.Rxe7+ 
Rxe7 35.Qxh8 Nb6 36.Ne2 Qc5+ 37.Kh2 Qxd5 38.Ng3 Qe6 39.Qb8 Nc4 40.Re1 Qb6 
41.Rd1+ Ke6 42.Qc8+ Kf6 43.Rf1+ Kg5 44.Qxc4 Qe6 45.Qc1+ Kh4 46.Qh6# 1-0

[Event "2020 WA Reserves Championship"]
[Site "Leeming, Perth WA"]
[Date "2020.08.23"]
[Round "6"]
[White "Hernandez Mendez, Iker"]
[Black "Andrew, Christopher-Jack"]
[Result "1/2-1/2"]
[WhiteElo "968"]
[BlackElo "1381"]
[EventDate "2020.07.19"]

1.d4 Nf6 2.Nf3 g6 3.c4 Bg7 4.Nc3 d5 5.cxd5 Nxd5 6.e4 Nxc3 7.bxc3 c5 8.Be3 
O-O 9.Rc1 cxd4 10.cxd4 Qa5+ 11.Qd2 Qxd2+ 12.Nxd2 b6 13.Rc7 e6 14.Be2 Na6 
15.Rc4 Bb7 16.O-O Rac8 17.Rfc1 Nb4 18.Rxc8 Rxc8 19.Rxc8+ Bxc8 20.Bc4 Nc2 
21.Nf3 Nxe3 22.fxe3 Kf8 23.Kf2 Ke7 24.Ke2 a6 25.d5 b5 26.Bb3 Kd6 27.Ng5 
Ke7 28.dxe6 fxe6 29.Nxh7 Bh6 30.e5 Bg7 31.Nf6 Bxf6 32.exf6+ Kxf6 33.g3 e5 
34.Kf3 Bb7+ 35.Kg4 Bc8+ 36.Kf3 Bb7+ 37.Kg4 Bc8+ 38.Kf3 1/2-1/2

[Event "2020 WA Reserves Championship"]
[Site "Leeming, Perth WA"]
[Date "2020.08.26"]
[Round "7"]
[White "Gough, Dylan"]
[Black "Simonds, Marcus"]
[Result "0-1"]
[WhiteElo "1648"]
[BlackElo "1627"]
[EventDate "2020.07.19"]

1.d4 Nf6 2.c4 c5 3.e3 e6 4.Nc3 d5 5.dxc5 Bxc5 6.cxd5 exd5 7.Nf3 O-O 8.Be2 
Nc6 9.O-O Bf5 10.a3 a5 11.Bd3 Bg4 12.Be2 Qd7 13.Nd2 Bf5 14.Nb3 Ba7 15.Bb5 
Qd6 16.Bxc6 bxc6 17.Nxa5 Bb8 18.f4 Rxa5 19.Bd2 Ra7 20.Be1 Re7 21.Qc1 Ba7 
22.Bf2 Rfe8 23.Re1 Ng4 24.Nd1 d4 25.Qd2 Qh6 26.Bg3 dxe3 0-1

[Event "2020 WA Reserves Championship"]
[Site "Leeming, Perth WA"]
[Date "2020.08.30"]
[Round "7"]
[White "Gao, Oscar"]
[Black "Gunawan, Tjermin"]
[Result "1-0"]
[WhiteElo "1721"]
[BlackElo "1695"]
[EventDate "2020.07.19"]

1.e4 c6 2.d4 d5 3.Nc3 dxe4 4.Nxe4 Nd7 5.Nf3 Ngf6 6.Bd3 Nxe4 7.Bxe4 Nf6 8.
Bd3 e6 9.O-O Be7 10.Bf4 b5 11.c3 Bb7 12.Ne5 h6 13.Qe2 a6 14.Rfe1 Qd5 15.c4
Qxd4 16.Nxf7 Kxf7 17.Qxe6+ 1-0

[Event "2020 WA Reserves Championship"]
[Site "Leeming, Perth WA"]
[Date "2020.08.30"]
[Round "7"]
[White "Basso, Luciano"]
[Black "De Vas, Yonal"]
[Result "1/2-1/2"]
[WhiteElo "1342"]
[BlackElo "586"]
[EventDate "2020.07.19"]

1.d4 d5 2.h3 c5 3.dxc5 e6 4.a3 Bxc5 5.Nf3 Qb6 6.e3 Nf6 7.Nc3 Nc6 8.b4 Be7 
9.Na4 Qd8 10.Bb2 O-O 11.Be2 a5 12.c3 axb4 13.cxb4 Qc7 14.O-O e5 15.Rc1 e4 
16.Nd4 Qd6 17.Nc5 Nxd4 18.Qxd4 Bd8 19.Rfd1 Bc7 20.g3 Bxh3 21.Bf1 Bxf1 22.
Kxf1 b6 23.Nb3 Rac8 24.Rc2 Qd7 25.Kg2 Qg4 26.Rdc1 Qf3+ 27.Kg1 Bxg3 28.fxg3
Qxg3+ 29.Rg2 Rxc1+ 30.Bxc1 Qe1+ 31.Kh2 Qh4+ 32.Kg1 Ng4 33.Qd2 Qh3 34.Qe1 
Ne5 35.Nd4 Rc8 36.Bd2 Rc4 37.Qg3 Qxg3 38.Rxg3 h5 39.Rg5 Rxd4 40.Rxe5 Rxd2 
41.Rxh5 Rd3 42.Kf2 Rxa3 43.Rxd5 Ra2+ 44.Kg3 g6 45.Rb5 Ra6 46.Kf4 f5 47.Kg5
Kh7 48.Rd5 Ra3 49.Rd7+ Kg8 50.Kxg6 Kf8 51.Kxf5 Rxe3 52.Rd4 Ke7 53.Rxe4+ 
Rxe4 54.Kxe4 Ke6 55.Kd4 Kd6 56.Kc4 Kc7 57.Kd5 Kd7?? 
    ( 57...b5! 58.Kc5 Kb8 59.Kxb5 Kb7 = )
58.b5 Kc7 59.Ke6 {Draw agreed (??)} 1/2-1/2